00740nam a22002297a 4500999001500000001000600015003000900021005001700030008004100047040003800088082002400126245004400150250001200194260004500206300002000251500002000271505001100291650004300302710002700345942001200372952012600384 c1752d175211126BD-DhUAP20210127091428.0200216s1987 bg ||||| |||| 00| 0 eng d aBD-DhUAPbEngcBD-DhUAPdBD-DhUAP 223a348.5492046 DLR aDLR's 36-year civil digest (1949-1984). a1st ed. aDhaka :bBangladesh law reports,cc1987. aparts ;c25 cm. aIncludes index. aP. 2-- aLaw reports, digests, etczBangladesh. aBangladesh law reports 2ddccBK 00102ddc4070aUAPCLbUAPCLcGeneral Stacksd2020-02-16o348.5492046 DLR P-2p3010011126r2020-02-16t1w2020-02-16yBK